|
|
|
|
| LEADER |
00691naa a2200181 i 4500 |
| 001 |
acta65093 |
| 005 |
20260224081030.0 |
| 008 |
200224s2000 hu o 000 hun d |
| 020 |
|
|
|a 963 482 500 1
|
| 040 |
|
|
|a SZTE Egyetemi Kiadványok Repozitórium
|b hun
|
| 041 |
|
|
|a hun
|
| 100 |
1 |
|
|a Zimonyi István
|
| 245 |
1 |
0 |
|a Volgai bolgárok és a volgai út
|h [elektronikus dokumentum] /
|c Zimonyi István
|
| 260 |
|
|
|c 2000
|
| 300 |
|
|
|a 695-702
|
| 490 |
0 |
|
|a Magyaroknak eleiről : ünnepi tanulmányok a hatvan esztendős Makk Ferenc tiszteletére
|
| 695 |
|
|
|a Volgai bolgárok története - középkor
|
| 856 |
4 |
0 |
|u http://acta.bibl.u-szeged.hu/65093/1/2000_magyaroknak_eleirol_695-702.pdf
|z Dokumentum-elérés
|